Reformas introducidas al Código Civil y a otras leyes por la Ley N§ 10.271

Guardat en:
Dades bibliogràfiques
Autor principal: Alessandri Rodríguez, Arturo (autor)
Format: Llibre
Idioma:espanyol
Publicat: Santiago EDIAR 1955
Matèries:
Etiquetes: Afegir etiqueta
Sense etiquetes, Sigues el primer a etiquetar aquest registre!

MARC

LEADER 00000nam a2200000 a 4500
001 UCS1292
003 CL-VaPUC
008 970509e19550000CL |||||||||||||||||spa|d
082 0 4 |a 346.83  |b ALE  |2 21 
100 |a Alessandri Rodríguez, Arturo  |e autor  |9 605353 
245 1 0 |a Reformas introducidas al Código Civil y a otras leyes por la Ley N§ 10.271 
300 |a 272 p 
942 |c BK 
945 |d 19970509 00:00:00  |a paguirre 
260 |a Santiago  |b EDIAR  |c 1955 
500 |a Conferencias dictadas en la Universidad de Chile los días 2, 5, 6, 9 y 11 de Junio de 1952 
650 0 |a Derecho civil  |9 255013 
650 0 |a Códigos  |9 352314 
650 0 |a Derecho de familia  |9 255603 
650 7 |a MATRIMONIO  |2 CL-VaPUC  |9 385620 
650 0 |a Filiación  |9 256647 
650 0 |a Bienes  |9 255749 
651 7 |a CHILE  |2 CL-VaPUC  |9 385621 
583 |a last modification  |c 19970509 00:00:00  |k Rodrigo Vera 
999 |c 259389  |d 259387 
952 |0 0  |1 0  |4 0  |6 346_830000000000000_ALE_1955  |7 0  |8 A  |9 284095  |a BIBDER  |b BIBDER  |d 2019-11-19  |i 1843702  |o 346.83 ALE 1955  |p 1843702  |r 2023-01-25  |w 2019-11-19  |y BK  |k DER